000 01585cam a2200433 a 4500
001 22243
003 VRT
005 20260323145058.0
008 240314s1999 xo ra 000 f slo
015 _aSNBA1999/08-02872
020 _a802200815X
035 _aSNK000314227
035 _aurn:nbn:sk:snk-amkja2
035 _aurn:nbn:sk:snk-am003avl
035 _a2BF7CD19-ED4A-4EBC-BE92-4D64A6B90BE1
039 9 _a202411270519
_bAUTHORITY
_c202406221007
_dcsnk01
_c202406221006
_dcsnk01
_c202403141358
_dVLOAD
040 _aSNK
_bslo
_cSNK
_eAACR2
041 1 _aslo
_heng
044 _axo
_cSK
072 7 _a821.111-3
_xAnglická próza, anglicky písaná
_2konspekt
080 _a821.111-31
_22011
100 1 _aBradford, Barbara Taylor,
_d1933-2024
_4aut
240 1 2 _aA secret affair
_lSlovensky
245 1 0 _aTajná láska
_cBarbara Taylor Bradfordová ; preklad Anna Rácová
260 _aBratislava
_bSlovenský spisovateľ
_c1999
300 _a96 s.
_c21 cm
500 _aPreložené z angličtiny
655 7 _aanglické romány
_2SNKPH
655 7 _aľúbostné romány
_2SNKPH
700 1 _aRácová, Anna,
_d1946-
_4trl
942 _2ddc
_cKLDO
_n0
949 _62889119619
_asavukPV 1659
949 _6270001000011145
_asvkbbA 98964
_p624.444
949 _6273K0104231
_asvkpoA 174654
_bsvkpo434982
949 _617A0191146
_9P60, <03>, [BOOK], {603}
_asnkSC 98437
_bsnkKSP 4361/99
_s6100:20140925
949 _617A0191148
_9P60, <05>, [BOOK], {605}
_asnkSC 98437 D1
_bsnkKSP 4362/99
999 _c22243
_d22243